| 000 -LEADER |
| fixed length control field |
00913nam a2200217 a 4500 |
| 020 ## - INTERNATIONAL STANDARD BOOK NUMBER |
| ISBN |
9283321901 (APO) |
| 020 ## - INTERNATIONAL STANDARD BOOK NUMBER |
| ISBN |
957953909X (FFTC) |
| 040 ## - CATALOGING SOURCE |
| Transcribing agency |
HU |
| 082 00 - DEWEY DECIMAL CLASSIFICATION NUMBER |
| Classification number |
631 FOO 1996 C157 Or. |
| 245 00 - TITLE STATEMENT |
| Title |
Appropriate use of fertilizers in Asia and the Pacific : |
| Remainder of title |
proceedings of a seminar, Taipei, Taiwan, ROC, November 6-14, 1995 / |
| 246 18 - VARYING FORM OF TITLE |
| Title proper/short title |
Appropriate use of fertilizers |
| 260 ## - PUBLICATION, DISTRIBUTION, ETC. (IMPRINT) |
| Place of publication |
Tokyo : |
| Name of publisher |
Asian Productivity Organization ; |
| Place of publication |
Taipei : |
| Name of publisher |
Food & Fertilizer Technology Center for the Asian and Pacific Region, |
| Year of publication |
1996. |
| 300 ## - PHYSICAL DESCRIPTION |
| Number of Pages |
xx, 464 p. : |
| Other physical details |
ill. ; |
| Dimensions |
26 cm. |
| 500 ## - GENERAL NOTE |
| General note |
"Proceedings, APO-EFTC Seminar on Appropriate Use of Fertilizers, held in Taiwan, Republic of China, November 6-14, 1995"--T.p. verso. |
| 650 #0 - SUBJECT ADDED ENTRY--TOPICAL TERM |
| Topical Term |
Fertilizers |
| 650 #0 - SUBJECT ADDED ENTRY--TOPICAL TERM |
| Topical Term |
Fertilizers |
| 700 1# - ADDED ENTRY--PERSONAL NAME |
| Personal name |
Ahmed, Saleem. |
| 710 2# - ADDED ENTRY--CORPORATE NAME |
| Corporate name or jurisdiction name as entry element |
Asian Productivity Organization. |
| 710 2# - ADDED ENTRY--CORPORATE NAME |
| Corporate name or jurisdiction name as entry element |
Asian and Pacific Council. |
| 942 ## - ADDED ENTRY ELEMENTS (KOHA) |
| Koha item type |
ADB |
| 952 ## - LOCATION AND ITEM INFORMATION (KOHA) |
| Withdrawn status [LOCAL, KOHA] |
0 |